Szczegóły MARC21

Matematyka finansowa : podstawy teoretyczne, przykłady, zadania /

005 -DATA I CZAS OSTATNIEJ MODYFIKACJI [,]
    • @
    • pole kontrolne
    • 20071016134810.0
020 -Międzynarod. znormalizowany nr książki - ISBN [ , ]
    • a
    • Numer ISBN
    • 8385428135 Find
040 -Instytucja sporządzająca opis [ , ]
    • a
    • Instytucja, która sporządziła opis (NP)
    • SZCZ U
    • c
    • Instytucja, która sporządziła rekord (NP)
    • SZCZ U
    • d
    • Instytucja, która zmodyfikowała rekord (P)
    • SZCZ U/KP
041 -Język dokumentu [0, ]
    • a
    • Język tekstu (P)
    • polski
044 -Kraj miejsca wydania [ , ]
    • a
    • Kraj miejsca wydania
    • Polska
942 -Rodzaj dokumentu [ , ]
    • c
    • Rodzaj dokumentu
    • Książka
100 -Hasło główne - nazwa osobowa [1, ]
    • a
    • Nazwa osobowa (NP)
    • Sobczyk, Mieczysław
    • d
    • Daty biograficzne (NP)
    • (1945- ).
    • 9
    • KHW
    • 19643
245 -Strefa tytułu i oznaczenia odpowiedzialności [1,0]
    • a
    • Tytuł
    • Matematyka finansowa : Find
    • b
    • Ciąg dalszy tytułu (NP)
    • podstawy teoretyczne, przykłady, zadania / Find
    • c
    • Pozostałe elementy strefy tytułu i oznaczenia odpowiedzialności (NP)
    • Mieczysław Sobczyk.
250 -Strefa wydania [ , ]
    • a
    • Oznaczenie wydania (NP)
    • [Wyd. 4].
260 -Strefa adresu wydawniczego [ , ]
    • a
    • Miejsce wydania (P)
    • Warszawa :
    • b
    • Nazwa wydawcy (P)
    • "Placet",
    • c
    • Data wydania (P)
    • 2000.
300 -Strefa opisu fizycznego [ , ]
    • a
    • Określenie formy książki i/lub objętość (NP)
    • 358 s. ;
    • c
    • Format (NP)
    • 24 cm.
440 -Strefa serii i książki wielotomowej - forma do wyszukiwania [ ,0]
    • a
    • Tytuł (NP)
    • Biblioteka Biznesmena Find
    • 9
    • KHW
    • 463
500 -Uwaga ogólna [ , ]
    • a
    • Uwaga ogólna (NP)
    • Bibliogr.
080 -Uniwersalna Klasyfikacja Dziesiętna [ , ]
    • 2
    • Identyfikator wydania tablic
    • UDC-P058
    • a
    • Symbol klasyfikacji
    • 519.86:336
    • b
    • Dopowiedzenie
    • Matematyka finansowa.
    • x
    • Poddział wspólny
    • (075.8)
    • b
    • Dopowiedzenie
    • (Podręczniki dla szkół wyższych. Skrypty).
980 -Symbol UKD [ , ]
    • a
    • UKD
    • 519.86:336](075.8)
920 -ISBN [ , ]
    • a
    • ISBN
    • 83-85428-13-5 Find
Status udost. Numer inwentarzowy Lokalizacja Data inwentaryzacji
-3T.3152T2000-09-28
-3T.3153T2000-09-28
-3T.3154T2000-09-28
-3T.3155T2000-09-28
-6T.3156T2000-09-28
-3T.4608T2001-03-16
-3T.4609T2001-03-16
-3T.4610T2001-03-16
-3T.4611T2001-03-16
-3T.4612T2001-03-16
-3TM.4964T2007-09-12